000 00153nam a22000857a 4500
082 _a823
100 _aCHARLES DICKENS
245 _aOLIVER TWIST
942 _cBK
999 _c8380
_d8380